000 01063cam a2200265 i 4500
003 SA-RiAUC
005 20251228090919.0
008 251123s1990 su g 000r0 ara c
040 _aSA-RiAUC
_bara
_cSA-RiAUC
_erda
050 4 _bS2722. 1990
082 0 4 _a251
090 _a251
_bص ر ص
100 1 _aالصرصري، سليمان بن عبد القوي بن عبد الكريم،
_d657-716 هجري
_eمؤلف.
245 1 2 _aالبلبل في أصول الفقه /
_cتأليف سليمان بن عبد القوي الطوفي الصرصري الحنبلي.
250 _aالطبعة الثانية.
264 1 _aالرياض :
_bمكتبة الإمام الشافعي،
_c1990
300 _a208 صفحة ؛
_c20 سم
336 _aنص
_btxt
_2rdacontent
_3كتاب
337 _aبدون وسيط
_bn
_2rdamedia
338 _aمجلد
_bnc
_2rdacarrier
650 7 _aأصول الفقه الإسلامي
_2aucsh
650 7 _aالشريعة الإسلامية
_2aucsh
942 _2ddc
_cBOOK
_n0
949 _aSA-JeALM
_d251123
_umohamedma123
_n1
999 _c13751
_d13751